00605nam a2200181Ia 450000500170000000800460001703700120006304000200007504100130009508400210010810000160012924500730014530000090021865000500022794200210027799900210029895201040031920250508153355.0008 250505s9999 xx 000 0 eng d aTextual aFEDLbengcFEDL aeng2eng a371.4, TYLqFEDL aTyler Leona 0aNational defense counseling and guidance training institutes program a93p. aEducational - Guidance and Counseling9756302 cTEXLh371.4, TYL c1342403d1342403 00104070aFEDLbFEDLd2025-05-08l0o371.4, TYLpEL0025486r2025-05-08 15:33:55w2025-05-08yTEXL